=LDR 00000nam 2200000 4500 =001 INLIS000000000020954 =005 20130612115846 =008 ***********************************Ind** =035 ##$$0010-061300000020954 =041 ##$$a Ind =082 ##$$a 372.83 =090 ##$$a 372.83, Pam i =100 ##$$a Pamiri =245 ##$$a Ilmu pengetahuan sosial 4 sesuai dengan kurikulum 1994 untuk sekolah dasar kelas 6, Damiri =260 ##$$a 1996 $b Surabaya =300 ##$$a vi, 112 hlm, ilus, 28 cm =650 ##$$a Pendidikan dasar-IPS =850 ##$$a NBPNMAT